| 000 | 00382nam a22001697a 4500 | ||
|---|---|---|---|
| 005 | 20160625115538.0 | ||
| 008 | 160625b xxu||||| |||| 00| 0 eng d | ||
| 020 | _a81-203-2118-9 | ||
| 041 | _aeng | ||
| 082 | _b10057 | ||
| 100 |
_aHanhe, Jhon E and others _92760 |
||
| 245 | _aBusiness Forecasting | ||
| 260 | _bPHI | ||
| 300 | _a454 | ||
| 650 |
_aManagement _9241 |
||
| 942 | _cBK | ||
| 999 |
_c3991 _d3990 |
||